000 00531nam a2200217Ia 4500
003 OSt
005 20241010051628.0
008 240925s9999 xx 000 0 und d
020 _aNA
040 _cdf
082 _a621.2 DAL
100 _aDally ,James W.
245 0 _aInstrumentation of Engineering Measurements
250 _aNA
260 _aNew York:
_bJohn Wiley & Sons
_c,1984.
300 _a576p.
_bNA
_fNA
500 _aIncludes Index
600 _aElectronic Engineering
650 _aTechnology
942 _cBK
_2ddc
999 _c2717
_d2717